Mot mystérieux - Série 29 - Statistiques

Statistiques générales
  • Ce quiz a été pris 74 fois
  • Le résultat moyen est 7 sur 10
Statistiques - réponses
Indices Mot % Correct
Logis - Doigts - Electricité - Clochette Fée
94%
Coude - Mer - Solaire - Ricin Huile
92%
Soupe - Vache - Tire - Coco Lait
92%
Secours - Toilette - Couture - Maquillage Trousse
84%
Etoile - Anémone - Fruits - Loup Mer
81%
Plastique - Première - Grise - Orfèvre Matière
75%
Pot - Table - Honneur - Rouge Vin
53%
Point - Ensemble - Lunettes - Nez Vue
44%
Neige - Biberon - Ouvrière - Délégué Classe
42%
Fer - Or - Mine - Coup Barre
27%
Aucun quiz correspondant
Distribution des résultats
% des personnes avec chaque résultat
Percentile par nombre de réponses
Votre historique - résultats
Vous n’avez pas pris ce quiz